Wszyscy zwycięzcy Dart PDC European Tour w historii - Statystyki

Ogólne statystyki
  • Ten quiz został rozwiązany 93 razy
  • Średni wynik to 18 z 36
Statystyki odpowiedzi
Ilość wygranych Zawodnik % Poprawnych
36 Michael Van Gerwen
98%
8 Gerwyn Price
95%
4 Phil Taylor
89%
2 Krzysztof Ratajski
88%
6 Michael Smith
85%
8 Peter Wright
85%
2 Gary Anderson
84%
6 Luke Humphries
81%
2 Luke Littler
79%
6 Dave Chisnall
78%
2 Johny Clayton
75%
1 Martin Schindler
75%
1 Rob Cross
73%
1 Raymond Van Barneveld
72%
1 Damon Heta
63%
2 James Wade
57%
1 Adrian Lewis
53%
3 Joe Cullen
53%
1 Daryl Gurney
47%
1 Simon Whitlock
47%
1 Ricardo Pietreczko
46%
1 Jose De Sousa
40%
2 Kim Huybrechts
40%
1 John Part
38%
1 Max Hopp
36%
1 Mervyn King
31%
3 Ian White
27%
1 Steve Beaton
20%
1 Justin Pipe
11%
1 Robert Thornton
10%
1 Wes Newton
9%
1 Devon Peterson
6%
1 Vincent Van Den Voort
6%
1 Jamie Hughes
5%
3 Mensur Sujlović
5%
1 Alan Norris
4%
Nie znaleziono quizów pasujących do podanych kryteriów
Rozkład punktacji
Procent ludzi z każdym wynikiem
Percentyl według liczby udzielonych odpowiedzi
Twoja historia wyników
Nie rozwiązałeś tego quizu